Normal view
MARC view
- Andes Jr., Antonio M.,
Entry Personal Name
001 - CONTROL NUMBER
- control field: 5431
003 - CONTROL NUMBER IDENTIFIER
- control field: URS
005 - DATE AND TIME OF LATEST TRANSACTION
- control field: 20230725145151.0
008 - FIXED-LENGTH DATA ELEMENTS
- fixed length control field: 230711|| aca||aabn | a|a d
040 ## - CATALOGING SOURCE
- Original cataloging agency: URS
100 ## - HEADING--PERSONAL NAME
- Personal name: Andes Jr., Antonio M.,
- Relator term: author.